000 00855nam a2200265 i 4500
003 DO-SdBNP
005 20240523114055.0
007 ta
008 240523b2018 dr ||||| |||| 00| 0 spa d
020 _a9789945877588
040 _aDO-SdBNP
_bspa
_cBNPHU
_erda
082 4 _222
100 _aLazala, Maribel,
_963864
_eautora
245 1 3 _aLo que he firmado :
_balgunas pistas para encontrar el camino /
_cMaribel Lazala ; prólogo, Minerva Isa
264 _aSanto Domingo :
_bCuesta-Veliz,
_c2018.
300 _a310 páginas ;
_c21 cm.
336 _2rdacontent
_atexto
_btxt
337 _2rdamedia
_asin mediación
_bn
338 _2rdacarrier
_avolumen
_bnc
500 _aIncluye datos biográficos de la autora en las solapas
590 _aInventariado, 2024/BT
700 _aIsa, Minerva,
_eprólogo
_936027
910 _aBtavárez
942 _2ddc
_cLBS1
999 _c56741
_d56741